| 000 | 01536nam0a2200385 4500 | ||
|---|---|---|---|
| 001 | RU\NLR\BIBL_A\011697211 | ||
| 005 | 20180522101000.0 | ||
| 010 |
_a978-5-905712-17-3 _93000 |
||
| 021 |
_aRU _bКН-П-18-023927 _9КН-П-18-1737 |
||
| 035 | _a(NLR Aleph) 011697211 | ||
| 035 | _a(RuMoRGB)009589364 | ||
| 090 |
_a11370016 _c11370016 |
||
| 100 | _a20180511d2018 k y0rusy50 ca | ||
| 101 | 1 |
_arus _ceng |
|
| 102 | _aRU | ||
| 105 | _aac||z|||001zb | ||
| 200 | 1 |
_aКубрик _e[исследование] _fДжеймс Нэрмор _g[перевод с английского Елены Микериной] |
|
| 210 |
_aМосква _cRosebul publishing _d2018 |
||
| 215 |
_a382, [1] с., [16] л. цв. ил., портр. _d20 |
||
| 300 | _aЗагл. и авт. ориг.: On Kubrick / James Naremore | ||
| 320 | _aБиблиогр. в подстроч. примеч. | ||
| 320 | _aФильмогр.: с. 360-378 | ||
| 320 | _aАлф. указ. в конце кн. | ||
| 333 | _a18+ | ||
| 454 | 1 |
_12001#$aOn Kubrick _1700#1$aNaremore$bJ.$gJames _tOn Kubrick _aNaremore, James |
|
| 600 | 1 |
_aКубрик _bС. _f1928 - 1999 _gСтэнли _91371803 _3RU\NLR\AUTH\66574837 |
|
| 686 |
_aЩ374.3(7США)6-85Кубрик С.4,0 _2rubbk |
||
| 686 | 1 | _aЩ374.3(7США)6-85Кубрик | |
| 700 | 1 |
_aНэрмор _bД. _gДжеймс |
|
| 702 | 1 |
_aКубрик _bС. _f1928-1999 _gСтэнли _4570 |
|
| 942 | _cBOOK | ||
| 980 | _aNBR | ||
| 980 | _aNB | ||